Guía ilustrada del proyecto Hidroeléctrico Ituango- Antioquia (Registro nro. 19747)
[ vista simple ]
| 000 -CABECERA | |
|---|---|
| Campo de control | 02308nam a22004697a 4500 |
| 005 - FECHA Y HORA DE LA ULTIMA TRANSACCION | |
| Campo de control | 20191224042331.0 |
| 008 - ELEMENTOS DE LONGITUD FIJA—INFORMACION GENERAL | |
| Campo de control | 170818b2016 ck ||||| |||| 00| 0 spa d |
| 020 ## - ISBN | |
| ISBN | 9789587759006 |
| 040 ## - FUENTE DE CATALOGACIÓN | |
| Agencia catalogadora original | CO-BoIAVH |
| Agencia transcriptora | CO-BoIAVH |
| 041 ## - IDIOMA | |
| Código de idioma para texto/pista de sonido o título separado | Español |
| 044 ## - PAÍS DE PUBLICACIÓN | |
| País de publicación | Colombia |
| 082 ## - NUMERO DE CLASIFICACION DECIMAL DEWEY | |
| Número de clasificación | 333.716 |
| Número del ítem | A77g |
| 100 1# - ASIENTO PRINCIPAL--NOMBRE PERSONAL | |
| Nombre personal | Arroyo Sánchez, Sandy B. |
| Término relacionado | autora |
| 9 (RLIN) | 83258 |
| 245 10 - MENCION DE TITULO | |
| Título | Guía ilustrada del proyecto Hidroeléctrico Ituango- Antioquia |
| Parte restante del título | Vol II.Fauna / |
| 260 ## - PUBLICACION, DISTRIBUCION, ETC. (PIE DE IMPRENTA) | |
| Lugar de publicación, distribución, etc. | Bogotá: |
| Nombre del editor, distribuidor, etc. | Universidad Nacional de Colombia, Facultad de Ciencias, Instituto de Ciencias Naturales |
| Fecha de publicación, distribución, etc. | 2016. |
| 300 ## - DESCRIPCION FISICA | |
| Extensión | 165. páginas |
| Otros detalles físicos | fotografías a color, mapas, ilustraciones |
| Dimensiones | 23 x 18 |
| 490 ## - MENCION DE SERIE | |
| Mención de serie | Serie guías de campo del Instituto de Ciencias Naturales, Universidad Nacional de Colombia |
| Designación numérica/secuencial del volumen | 18 |
| 650 14 - ASIENTO SECUNDARIO DE MATERIA - TERMINO TEMATICO | |
| Término temático o nombre geográfico como elemento de entrada | Fauna |
| Subdivisión general | Descripción |
| Subdivisión geográfica | Ituango Antioquia (Colombia) |
| 9 (RLIN) | 84360 |
| 650 14 - ASIENTO SECUNDARIO DE MATERIA - TERMINO TEMATICO | |
| Término temático o nombre geográfico como elemento de entrada | Aspectos ambientales |
| Subdivisión general | Ecología animal |
| Subdivisión geográfica | Ituango Antioquia (Colombia) |
| 9 (RLIN) | 84361 |
| 650 14 - ASIENTO SECUNDARIO DE MATERIA - TERMINO TEMATICO | |
| Término temático o nombre geográfico como elemento de entrada | Centrales Hidroeléctricas |
| Subdivisión general | Fauna |
| -- | Conservación |
| Subdivisión geográfica | Ituango Antioquia (Colombia) |
| 9 (RLIN) | 84362 |
| 650 14 - ASIENTO SECUNDARIO DE MATERIA - TERMINO TEMATICO | |
| Término temático o nombre geográfico como elemento de entrada | Diversidad biológica |
| Subdivisión general | Inventarios |
| Subdivisión geográfica | Ituango Antioquia (Colombia) |
| 9 (RLIN) | 84363 |
| 650 14 - ASIENTO SECUNDARIO DE MATERIA - TERMINO TEMATICO | |
| Término temático o nombre geográfico como elemento de entrada | Sostenibilidad ambiental |
| 9 (RLIN) | 84364 |
| 650 14 - ASIENTO SECUNDARIO DE MATERIA - TERMINO TEMATICO | |
| Término temático o nombre geográfico como elemento de entrada | Distribución geográfica |
| Subdivisión general | Recursos naturales |
| Subdivisión geográfica | Ituango Antioquia (Colombia) |
| 9 (RLIN) | 84365 |
| 650 14 - ASIENTO SECUNDARIO DE MATERIA - TERMINO TEMATICO | |
| Término temático o nombre geográfico como elemento de entrada | Anfibios |
| Subdivisión general | Descripción |
| Subdivisión geográfica | Ituango Antioquia (Colombia) |
| 9 (RLIN) | 84366 |
| 650 14 - ASIENTO SECUNDARIO DE MATERIA - TERMINO TEMATICO | |
| Término temático o nombre geográfico como elemento de entrada | Reptiles |
| Subdivisión general | Descripción |
| 9 (RLIN) | 84367 |
| 650 14 - ASIENTO SECUNDARIO DE MATERIA - TERMINO TEMATICO | |
| Término temático o nombre geográfico como elemento de entrada | Aves |
| Subdivisión general | Descripción |
| Subdivisión geográfica | Ituango Antioquia (Colombia) |
| 9 (RLIN) | 84368 |
| 650 14 - ASIENTO SECUNDARIO DE MATERIA - TERMINO TEMATICO | |
| Término temático o nombre geográfico como elemento de entrada | Mamiferos |
| Subdivisión general | Descripción |
| Subdivisión geográfica | Ituango Antioquia (Colombia) |
| 9 (RLIN) | 84369 |
| 700 ## - ASIENTO SECUNDARIO - NOMBRE PERSONAL | |
| Nombre personal | Bernal González, Vladimir Andrés |
| Término de relación | autor |
| 9 (RLIN) | 83275 |
| 700 ## - ASIENTO SECUNDARIO - NOMBRE PERSONAL | |
| Nombre personal | Quiñones Betancur, Esteban |
| Término de relación | autor |
| 9 (RLIN) | 83281 |
| 700 ## - ASIENTO SECUNDARIO - NOMBRE PERSONAL | |
| Nombre personal | Rivas, Jose Viloria |
| Término de relación | autor |
| 9 (RLIN) | 83282 |
| 700 ## - ASIENTO SECUNDARIO - NOMBRE PERSONAL | |
| Nombre personal | Loaiza Gómez, Camilo |
| Término de relación | autor |
| 9 (RLIN) | 83283 |
| 700 ## - ASIENTO SECUNDARIO - NOMBRE PERSONAL | |
| Nombre personal | Mendoza Polo, Irina Margarita |
| Término de relación | autora |
| 9 (RLIN) | 83284 |
| 700 ## - ASIENTO SECUNDARIO - NOMBRE PERSONAL | |
| Nombre personal | Liévano Latorre, Luisa Fernanda |
| Término de relación | autora |
| 9 (RLIN) | 83285 |
| 700 ## - ASIENTO SECUNDARIO - NOMBRE PERSONAL | |
| Nombre personal | Bonilla González, Juan Camilo |
| Término de relación | autor |
| 9 (RLIN) | 83286 |
| 700 ## - ASIENTO SECUNDARIO - NOMBRE PERSONAL | |
| Nombre personal | Rodriguez Ortiz, Elkin Luis |
| Término de relación | autor |
| 9 (RLIN) | 83287 |
| 700 ## - ASIENTO SECUNDARIO - NOMBRE PERSONAL | |
| Nombre personal | Montenegro Diaz, Olga Lucia |
| Término de relación | autor |
| 9 (RLIN) | 31648 |
| 700 ## - ASIENTO SECUNDARIO - NOMBRE PERSONAL | |
| Nombre personal | Morales Martínez, Darwin Manuel |
| Término de relación | autor |
| 9 (RLIN) | 83289 |
| 700 ## - ASIENTO SECUNDARIO - NOMBRE PERSONAL | |
| Nombre personal | Prieto Cruz, Adriana |
| Término de relación | editora |
| 9 (RLIN) | 5382 |
| 700 ## - ASIENTO SECUNDARIO - NOMBRE PERSONAL | |
| Nombre personal | Rodriguez Ortiz, Juliana |
| Término de relación | editora |
| 9 (RLIN) | 83090 |
| 700 ## - ASIENTO SECUNDARIO - NOMBRE PERSONAL | |
| Nombre personal | Aguirre Ceballos, Jaime |
| Fechas asociadas con el nombre | 1951- |
| Término de relación | editor |
| 9 (RLIN) | 84371 |
| 942 ## - ELEMENTOS ADICIONALES (KOHA) | |
| Sistema de clasificación | Dewey Decimal Classification |
| Tipo de ítem | Libro |
| Withdrawn status | Lost status | Sistema de Clasificación | Damaged status | No para préstamo | Colección | Inventariado | Ubicación Permanente | Ubicación actual | Fecha de adquisición | Fuente de Valor | Valor | Total Checkouts | Número topográfico | Inventario / Código de Barras | Date last seen | Ejemplar | Price effective from | Forma de adquisición | Tipo de material |
|---|---|---|---|---|---|---|---|---|---|---|---|---|---|---|---|---|---|---|---|
| Dewey Decimal Classification | General | Inventariado 2017 | Bogotá | Bogotá | 18/08/2017 | Instituto | 39000.00 | LB-333.716 A77g | 042752 | 18/08/2017 | Ej. 1 | 18/08/2017 | Donación | Libro |